00728nam a22002177a 450000500170000001000130001702000100003003500130004003700160005304000120006908200190008124500980010024600710019826000490026927000700031830000200038865000240040865000340043265000210046665000230048720170123162342.0 aA-026151 c20.00 aA-026151 bCen Lib/Ret aDPLbUR a921bم ح م  aمولانا موحمد علی :cمرتب عبدل لطیف اعظمی bایک مطالع / aMaulana Mohammad Ali : ek muatala /bedited by Abdul Lateef Aazmi  aنیی دہلی bعلمی ادارہ c1980 bنیی دہلی a٣٤٩ ذاکر نگر، جمی نگر e110025 a186p.c23cm(Hb) aادب -- اردو  aاردو سوانے عمری  aUrdu literature  aUrdu -- biography